[Event "11th Asia-ch - Manny Pacquiao Cup"]
[Site "Manila PHI"]
[Date "2013.05.22"]
[Round "5"]
[White "Garcia, Jan Emmanuel"]
[Black "Ervan, Mohamad"]
[Result "1/2-1/2"]
[WhiteElo "2401"]
[BlackElo "2162"]
[EventDate "2013.05.18"]
[PlyCount "121"]

1.c4 Nf6 2.Nc3 g6 3.g3 Bg7 4.Bg2 O-O 5.d4 d6 6.e3 e5 7.Nge2 c6 8.O-O Re8 
9.Qc2 Na6 10.a3 Be6 11.b3 Qc8 12.Rd1 Bh3 13.Bh1 h5 14.b4 Nc7 15.a4 Be6 16.
dxe5 dxe5 17.c5 Bf5 18.e4 Bg4 19.f3 Bh3 20.Be3 Nd7 21.Rd2 a5 22.b5 Bf8 23.
bxc6 bxc6 24.Nd1 Na6 25.Nf2 Bxc5 26.Bxc5 Ndxc5 27.Nxh3 Qxh3 28.Rd6 Qc8 29.
Rad1 Qc7 30.f4 Qb6 31.Kf1 Nb4 32.Qc4 Kg7 33.f5 Rad8 34.Bf3 Rxd6 35.Rxd6 
Nbd3 36.Rxd3 Qb1+ 37.Kg2 Nxd3 38.Qxc6 Rb8 39.fxg6 fxg6 40.Bxh5 gxh5 41.
Qd7+ Kh8 42.Qd6 Ne1+ 43.Kh3 Qb7 44.Qxe5+ Kg8 45.Nd4 Qd7+ 46.Nf5 Rf8 47.Qf4
Qe6 48.Qg5+ Kf7 49.Qc1 Re8 50.Qc7+ Re7 51.Qxe7+ Qxe7 52.Nxe7 Kxe7 53.Kh4 
Nd3 54.Kxh5 Nc5 55.Kg4 Kd6 56.Kf4 Nxa4 57.Ke3 Ke5 58.Kd3 Nc5+ 59.Kc4 a4 
60.Kb4 Kxe4 61.h4 1/2-1/2

[Event "11th Asia-ch - Manny Pacquiao Cup"]
[Site "Manila PHI"]
[Date "2013.05.22"]
[Round "5"]
[White "Firmansyah, Farid"]
[Black "Akash, Ganesan"]
[Result "1-0"]
[WhiteElo "2369"]
[BlackElo "2397"]
[EventDate "2013.05.18"]
[PlyCount "131"]

1.d4 Nf6 2.c4 e6 3.Nc3 Bb4 4.e3 O-O 5.Bd3 d5 6.Ne2 Re8 7.O-O Bd6 8.Ng3 c5 
9.dxc5 Bxc5 10.cxd5 exd5 11.a3 Nc6 12.b4 Bb6 13.Bb2 Bg4 14.Be2 Bxe2 15.
Ncxe2 Ng4 16.h3 Nge5 17.b5 Na5 18.Nf4 Nac4 19.Bd4 Qd7 20.a4 Rad8 21.Bxb6 
Nxb6 22.Qd4 Ng6 23.Rfd1 Nxf4 24.Qxf4 Qe6 25.Rd4 Rd7 26.Rad1 Red8 27.Nh5 f6
28.Qf3 Kh8 29.Nf4 Qf7 30.h4 Nc4 31.h5 Ne5 32.Qh3 f5 33.Qh4 g5 34.hxg6 Nxg6
35.Nxg6+ Qxg6 36.g3 Qe6 37.Rc1 Qe5 38.Rc5 Rg8 39.Kg2 Qe6 40.Qh1 Rdg7 41.
Kf1 Rd7 42.Ke2 Rgd8 43.Qa1 Kg8 44.Qc3 Rg7 45.a5 Rgd7 46.Qc2 Qe5 47.Rf4 b6 
48.axb6 axb6 49.Rc8 d4 50.Rxf5 d3+ 51.Qxd3 Qb2+ 52.Rc2 Qg7 53.Qb3+ Kh8 54.
Qb2 Qxb2 55.Rxb2 Rd5 56.Rxd5 Rxd5 57.e4 Rc5 58.g4 h5 59.gxh5 Rxh5 60.Ke3 
Kg7 61.f4 Kf6 62.Kd4 Rh4 63.f5 Rh1 64.Kd5 Rc1 65.Kd6 Rc5 66.Re2 1-0

[Event "11th Asia-ch - Manny Pacquiao Cup"]
[Site "Manila PHI"]
[Date "2013.05.22"]
[Round "5"]
[White "Ghaem Maghami, Ehsan"]
[Black "Liew Chee Meng, Jimmy"]
[Result "1-0"]
[WhiteElo "2568"]
[BlackElo "2287"]
[EventDate "2013.05.18"]
[PlyCount "67"]

1.e4 d6 2.d4 Nf6 3.Nc3 e5 4.Nf3 Nbd7 5.Bc4 Be7 6.O-O O-O 7.Re1 c6 8.a4 b6 
9.d5 cxd5 10.Nxd5 Nxd5 11.Bxd5 Rb8 12.Qd3 Nf6 13.Bb3 Bb7 14.Bg5 Nh5 15.Bd2
h6 16.Bd5 Bc8 17.Bc4 Qc7 18.Qc3 Kh8 19.h3 Bb7 20.Qd3 Rbd8 21.Bb3 Nf6 22.c4
Rde8 23.Bc2 Nxe4 24.Nh4 Qc6 25.f3 Bxh4 26.Rxe4 Bg3 27.Rxe5 g6 28.Rd5 Qc7 
29.Rh5 f5 30.Rxh6+ Kg7 31.Qd4+ Be5 32.Qh4 Qc5+ 33.Kh1 Rf7 34.Rxg6+ 1-0

[Event "11th Asia-ch - Manny Pacquiao Cup"]
[Site "Manila PHI"]
[Date "2013.05.22"]
[Round "5"]
[White "Mariano, Nelson"]
[Black "Gundavaa, Bayarsaihan"]
[Result "1/2-1/2"]
[WhiteElo "2282"]
[BlackElo "2528"]
[EventDate "2013.05.18"]
[PlyCount "145"]

1.e4 c5 2.Nf3 d6 3.d4 cxd4 4.Nxd4 Nf6 5.Nc3 a6 6.Be3 e5 7.Nf3 Be7 8.Bc4 
O-O 9.O-O Qc7 10.Qe2 Be6 11.Bb3 h6 12.Rfd1 Nbd7 13.Nh4 Rfe8 14.Nf5 Bf8 15.
Qf3 Kh7 16.Nd5 Nxd5 17.Bxd5 Nb6 18.c4 Nxd5 19.cxd5 Bd7 20.Rac1 Qd8 21.Rc3 
Kg8 22.Rdc1 Rc8 23.Rxc8 Bxc8 24.b4 Bd7 25.a3 Qb8 26.Bb6 g6 27.Ne3 Rc8 28.
Qd1 f5 29.exf5 gxf5 30.h3 Bg7 31.Nc4 Bb5 32.Ne3 Bd7 33.Nc4 Bb5 34.Ne3 Rxc1
35.Qxc1 Qf8 36.Qc7 f4 37.Nc4 e4 38.Nxd6 Be5 39.Qc8 Qxc8 40.Nxc8 Bd7 41.
Ne7+ Kf7 42.d6 Bxd6 43.Nd5 Bc6 44.Nc3 Be5 45.Ne2 Ke6 46.g3 fxg3 47.fxg3 
Bb2 48.Kf2 Bxa3 49.Nd4+ Ke5 50.Nc2 Bb2 51.g4 Ba4 52.Ne3 Bc3 53.Bc5 Ke6 54.
Bf8 Kf7 55.Bc5 Ke6 56.Bf8 Bb3 57.h4 Kf7 58.Bc5 b6 59.Bxb6 Bxb4 60.Nf5 Kg6 
61.Nd4 Bd1 62.Ne2 Bd2 63.Bc7 a5 64.Bf4 Bxf4 65.Nxf4+ Kf6 66.g5+ hxg5 67.
hxg5+ Kxg5 68.Ke3 Kf5 69.Nd5 Ke5 70.Nc3 Bc2 71.Kd2 Bd3 72.Nxe4 Bxe4 73.Kc3
1/2-1/2

[Event "11th Asia-ch - Manny Pacquiao Cup"]
[Site "Manila PHI"]
[Date "2013.05.22"]
[Round "5"]
[White "Nguyen Van Huy"]
[Black "Luthfi Ali, Muhammad"]
[Result "0-1"]
[WhiteElo "2443"]
[BlackElo "2246"]
[EventDate "2013.05.18"]
[PlyCount "161"]

1.Nf3 Nf6 2.c4 g6 3.g3 Bg7 4.Bg2 c6 5.O-O d5 6.cxd5 cxd5 7.d4 O-O 8.Nc3 
Ne4 9.Ne5 Nxc3 10.bxc3 Nc6 11.Nxc6 bxc6 12.Qa4 Bd7 13.Ba3 c5 14.Qb3 cxd4 
15.cxd4 Bc6 16.Rac1 Rc8 17.Bc5 Qd7 18.Rc3 Rb8 19.Qa3 Rb7 20.Rfc1 Rfb8 21.
Bd6 exd6 22.Rxc6 Bxd4 23.Qxd6 Qxd6 24.Rxd6 Rb1 25.Rc6 R8b5 26.Bf3 Rxc1+ 
27.Rxc1 Bb6 28.Kg2 d4 29.Rc2 Kg7 30.Be4 Rc5 31.Rb2 Kf6 32.Bd3 h5 33.f4 Ke6
34.h3 Rc1 35.Rb5 Rc5 36.Rb1 Rc7 37.g4 hxg4 38.hxg4 Rc5 39.Rh1 Kf6 40.Rh7 
g5 41.fxg5+ Rxg5 42.Bf5 Rg8 43.Kf3 Re8 44.Be4 Re5 45.Rh6+ Ke7 46.Bd3 Bc7 
47.Rc6 Re3+ 48.Kf2 Bb6 49.a4 Re6 50.Rc8 Re5 51.Kf3 Rc5 52.Rb8 Rd5 53.Bb5 
Rc5 54.Ke4 Kf6 55.Bd3 Re5+ 56.Kf3 Re3+ 57.Kf2 Re5 58.Kg2 Kg5 59.Rg8+ Kf6 
60.Kg3 Rg5 61.Rh8 Re5 62.Kh4 Bc5 63.Rh6+ Kg7 64.Rc6 Bb6 65.Rd6 Bc5 66.Rd7 
Be7+ 67.Kg3 Bc5 68.Kf4 Re7 69.Rd5 Bb6 70.g5 Rc7 71.Kg4 Rc5 72.Rd6 Kf8 73.
Kh5 Ke7 74.Rh6 Bd8 75.Kg4 Bc7 76.Rh8 Bb6 77.Bb5 Re5 78.Rb8 Rc5 79.Re8+ Kd6
80.Re4 Rc7 81.Kf3 0-1

[Event "11th Asia-ch - Manny Pacquiao Cup"]
[Site "Manila PHI"]
[Date "2013.05.22"]
[Round "5"]
[White "Turqueza, Mari Joseph"]
[Black "Dimakiling, Oliver"]
[Result "0-1"]
[WhiteElo "2280"]
[BlackElo "2384"]
[EventDate "2013.05.18"]
[PlyCount "108"]

1.d4 Nf6 2.c4 d6 3.Nf3 Bg4 4.Qb3 Nc6 5.Be3 b6 6.d5 Na5 7.Qc2 c5 8.dxc6 Rc8
9.h3 Bh5 10.Qa4 Nxc6 11.Nc3 Qd7 12.g4 Bg6 13.Bg2 Ne4 14.Rc1 e6 15.O-O Be7 
16.Nxe4 Bxe4 17.Rfd1 Nb8 18.Qxd7+ Nxd7 19.Nd4 Bxg2 20.Kxg2 a6 21.b4 Ne5 
22.b5 a5 23.Bf4 Nxc4 24.Nc6 d5 25.e4 Nb2 26.exd5 Nxd1 27.Rxd1 e5 28.Bxe5 
Bf6 29.f4 Bxe5 30.fxe5 Kd7 31.Kf3 f6 32.Ke4 Rhe8 33.d6 Re6 34.Kd5 Rce8 35.
Rc1 Rxe5+ 36.Nxe5+ Rxe5+ 37.Kd4 Rxb5 38.Rc7+ Kxd6 39.Rxg7 h5 40.Rg6 Ke6 
41.Kc4 Rb4+ 42.Kc3 hxg4 43.hxg4 Kf7 44.Rh6 Rxg4 45.Rh7+ Ke6 46.Rb7 Rb4 47.
a3 Rb1 48.Kc4 a4 49.Rb8 Rb3 50.Kd4 f5 51.Re8+ Kf6 52.Ra8 b5 53.Rb8 f4 54.
Ke4 f3 0-1

[Event "11th Asia-ch - Manny Pacquiao Cup"]
[Site "Manila PHI"]
[Date "2013.05.22"]
[Round "5"]
[White "Masruri, Rahman"]
[Black "Garma, Chito"]
[Result "1/2-1/2"]
[WhiteElo "2165"]
[BlackElo "2318"]
[EventDate "2013.05.18"]
[PlyCount "44"]

1.e4 Nf6 2.e5 Nd5 3.d4 d6 4.c4 Nb6 5.exd6 cxd6 6.Nc3 g6 7.Be3 Bg7 8.Rc1 
O-O 9.b3 Nc6 10.Nf3 Bg4 11.Be2 d5 12.cxd5 Nxd5 13.Nxd5 Qxd5 14.O-O Rfd8 
15.h3 Bxf3 16.Bxf3 Qa5 17.Bxc6 bxc6 18.Qe2 Bxd4 19.Bxd4 Rxd4 20.Rxc6 e6 
21.Rxe6 fxe6 22.Qxe6+ Kg7 1/2-1/2

[Event "11th Asia-ch - Manny Pacquiao Cup"]
[Site "Manila PHI"]
[Date "2013.05.22"]
[Round "5"]
[White "Nazario, Marc Christian"]
[Black "Mu Ke"]
[Result "0-1"]
[WhiteElo "2023"]
[BlackElo "2297"]
[EventDate "2013.05.18"]
[PlyCount "94"]

1.e4 e6 2.d4 d5 3.e5 c5 4.c3 Nc6 5.Nf3 Bd7 6.a3 c4 7.g3 f6 8.exf6 Nxf6 9.
Bf4 Qb6 10.Qc1 Be7 11.Bg2 O-O 12.O-O Na5 13.Nbd2 Ne4 14.Nxe4 Nb3 15.Qb1 
dxe4 16.Ne5 Be8 17.Bxe4 Nxa1 18.Qxa1 Qb5 19.Qb1 h6 20.Qc2 Bf6 21.a4 Qa6 
22.Qe2 g5 23.Be3 Bxe5 24.dxe5 Bc6 25.Bxc6 Qxc6 26.Qh5 Kg7 27.Rd1 Qe8 28.
Qxe8 Raxe8 29.Bxa7 Ra8 30.Bc5 Rfd8 31.Rb1 Rd5 32.Bd4 Rxa4 33.b4 b5 34.Kg2 
Ra3 35.f4 gxf4 36.gxf4 Kg6 37.f5+ Kxf5 38.Rf1+ Ke4 39.Rf6 Rxd4 40.cxd4 Kd5
41.Rxh6 c3 42.Rh8 Kxd4 43.Rc8 Kd3 44.h4 c2 45.Rd8+ Ke2 46.Rc8 Kd2 47.h5 
Rc3 0-1

[Event "11th Asia-ch - Manny Pacquiao Cup"]
[Site "Manila PHI"]
[Date "2013.05.22"]
[Round "5"]
[White "Bancod, Ronald"]
[Black "Pimentel, Joel"]
[Result "1-0"]
[WhiteElo "2290"]
[BlackElo "2194"]
[EventDate "2013.05.18"]
[PlyCount "81"]

1.g3 g6 2.Bg2 Bg7 3.Nf3 c5 4.O-O Nc6 5.d3 e6 6.e4 Nge7 7.c3 d5 8.Re1 O-O 
9.e5 h6 10.h4 Nf5 11.Bf4 b6 12.Nbd2 Bb7 13.Nf1 Qe7 14.N1h2 Rad8 15.Qd2 Kh7
16.Ng4 b5 17.d4 cxd4 18.cxd4 Qb4 19.Rad1 Rc8 20.Bf1 a6 21.Nf6+ Bxf6 22.
exf6 Qxd2 23.Rxd2 Rfd8 24.g4 Nd6 25.Bxd6 Rxd6 26.Kg2 Kg8 27.Rc1 Rdd8 28.
Rdc2 Kf8 29.Kg3 Ke8 30.a4 bxa4 31.Bxa6 Bxa6 32.Rxc6 Bc4 33.Rxc8 Rxc8 34.
Ne5 Rc7 35.h5 g5 36.f4 Kf8 37.fxg5 hxg5 38.Nf3 Rb7 39.Rc2 Rb3 40.Kf2 Kg8 
41.Nxg5 1-0

[Event "11th Asia-ch - Manny Pacquiao Cup"]
[Site "Manila PHI"]
[Date "2013.05.22"]
[Round "5"]
[White "Tran Tuan Minh"]
[Black "Galmandakh, Badrakh"]
[Result "1-0"]
[WhiteElo "2399"]
[BlackElo "2212"]
[EventDate "2013.05.18"]
[PlyCount "75"]

1.d4 d6 2.Nc3 Nf6 3.g3 e5 4.dxe5 dxe5 5.Qxd8+ Kxd8 6.Bg5 Be6 7.O-O-O+ Nd7 
8.Bh3 Bxh3 9.Bxf6+ gxf6 10.Nxh3 c6 11.Ne4 Kc7 12.Rd3 f5 13.Rhd1 Nb6 14.Nd6
Bxd6 15.Rxd6 Nd5 16.Rh6 Rag8 17.Rh5 Ne7 18.e4 Rg6 19.exf5 Rf6 20.g4 h6 21.
Ng5 c5 22.Ne4 Rc6 23.c4 a6 24.Nc3 b6 25.Re1 Kd6 26.Rh3 f6 27.f4 Rg8 28.
fxe5+ fxe5 29.Rxh6+ Kd7 30.Rh7 Kd8 31.Rxe5 Nc8 32.h3 Nd6 33.Re6 b5 34.cxb5
axb5 35.Nxb5 c4 36.Nxd6 Rc7 37.Rxc7 Kxc7 38.Nxc4 1-0

[Event "11th Asia-ch - Manny Pacquiao Cup"]
[Site "Manila PHI"]
[Date "2013.05.22"]
[Round "5"]
[White "Senador, Emmanuel"]
[Black "Manuel Enofre, Efren"]
[Result "1-0"]
[WhiteElo "2343"]
[BlackElo "1974"]
[EventDate "2013.05.18"]
[PlyCount "45"]

1.e4 Nf6 2.e5 Nd5 3.Nc3 Nxc3 4.dxc3 d5 5.c4 e6 6.Bf4 Be7 7.Qh5 c6 8.O-O-O 
Qa5 9.Kb1 Na6 10.Nf3 g6 11.Qh6 Bd7 12.Bg5 Bxg5 13.Nxg5 Qc5 14.Qg7 Qf8 15.
Qf6 Bc8 16.cxd5 cxd5 17.Nxf7 Nc7 18.Nxh8 Qxf6 19.exf6 Kf8 20.h4 Kg8 21.h5 
gxh5 22.Rxh5 Kxh8 23.Bd3 1-0

[Event "11th Asia-ch - Manny Pacquiao Cup"]
[Site "Manila PHI"]
[Date "2013.05.22"]
[Round "5"]
[White "Sarangani, Usman"]
[Black "Dela Cruz, Noel"]
[Result "0-1"]
[WhiteElo "1932"]
[BlackElo "2331"]
[EventDate "2013.05.18"]
[PlyCount "102"]

1.c4 Nf6 2.Nf3 g6 3.g3 Bg7 4.Bg2 c6 5.O-O O-O 6.Nc3 d5 7.d4 dxc4 8.Ne5 Ng4
9.Nxg4 Bxg4 10.Be3 Nd7 11.Rc1 Nb6 12.f3 Be6 13.Bf2 Qc8 14.Re1 Rd8 15.e3 
Nd5 16.Ne2 Nb4 17.Nf4 Nxa2 18.Ra1 Nb4 19.Qd2 a5 20.Rec1 Qd7 21.Bf1 b5 22.
Rd1 f5 23.e4 fxe4 24.Nxe6 Qxe6 25.Re1 Qf7 26.Rxe4 e5 27.Rae1 Qxf3 28.R1e3 
Qf7 29.Ra3 exd4 30.Bh3 Re8 31.Rf4 Qd5 32.Bg2 Qd6 33.Rh4 d3 34.Bf3 Rf8 35.
Bg2 Qf6 36.Bd4 Qe7 37.Bxg7 Qxg7 38.Ra1 Nc2 39.Rb1 Nd4 40.Qe3 Rad8 41.Re4 
Nf5 42.Qd2 a4 43.Rbe1 a3 44.g4 Qxb2 45.Qg5 d2 46.Rd1 Qf6 47.Qxf6 Rxf6 48.
gxf5 c3 49.fxg6 c2 50.gxh7+ Kh8 51.Ree1 dxe1=Q+ 0-1

[Event "11th Asia-ch - Manny Pacquiao Cup"]
[Site "Manila PHI"]
[Date "2013.05.22"]
[Round "5"]
[White "Elorta, David"]
[Black "Pagente, Adelardo"]
[Result "1-0"]
[WhiteElo "2348"]
[BlackElo "1906"]
[EventDate "2013.05.18"]
[PlyCount "131"]

1.d4 d5 2.Nf3 Nf6 3.Bf4 e6 4.e3 Bd6 5.Nbd2 O-O 6.c3 Bxf4 7.exf4 Qd6 8.Ne5 
c5 9.dxc5 Qxc5 10.Bd3 Nc6 11.O-O Ne7 12.Ndf3 h6 13.Qe2 Bd7 14.a3 a6 15.b4 
Qd6 16.Nd4 Rac8 17.Rac1 Rc7 18.g4 Rfc8 19.g5 Ne4 20.Bxe4 dxe4 21.gxh6 g6 
22.Rfd1 Nd5 23.c4 Nxf4 24.Qxe4 Nh3+ 25.Kf1 Ng5 26.Qf4 Qe7 27.h4 Nh7 28.c5 
Ba4 29.Rd3 Qf6 30.Qe4 Be8 31.Rcd1 Qe7 32.Kg1 Nf6 33.Qf4 Nh5 34.Qg4 Kh7 35.
Nc4 Kxh6 36.Nb6 Rd8 37.Qg5+ Qxg5+ 38.hxg5+ Kh7 39.Nf3 Rxd3 40.Rxd3 Bc6 41.
Ne5 Nf4 42.Re3 Nd5 43.Re1 Kg7 44.Kh2 Ne7 45.f4 Nd5 46.Kg3 Ne7 47.Rd1 Bd5 
48.Ng4 Nf5+ 49.Kf2 Ne7 50.Nf6 Kf8 51.Rd3 Rc6 52.Rh3 Rc7 53.Rh8+ Kg7 54.
Rh7+ Kf8 55.Nbd7+ Rxd7 56.Nxd7+ Ke8 57.Nf6+ Kd8 58.Nxd5 Nxd5 59.Rxf7 Ke8 
60.Rxb7 Nxf4 61.Rb6 Nh3+ 62.Kg3 Nxg5 63.Kf4 Nh3+ 64.Ke5 g5 65.Kxe6 Kf8 66.
Kf5 1-0

[Event "11th Asia-ch - Manny Pacquiao Cup"]
[Site "Manila PHI"]
[Date "2013.05.23"]
[Round "6"]
[White "Li Chao"]
[Black "Bitoon, Richard"]
[Result "1-0"]
[WhiteElo "2686"]
[BlackElo "2403"]
[EventDate "2013.05.18"]
[PlyCount "91"]

1.d4 Nf6 2.c4 e6 3.g3 d5 4.Bg2 Bb4+ 5.Bd2 Be7 6.Nf3 O-O 7.O-O c6 8.Qb3 b6 
9.Nc3 dxc4 10.Qxc4 Ba6 11.Qb3 Nbd7 12.Rfd1 Rc8 13.Qa4 Nb8 14.Bf4 b5 15.Qc2
Qb6 16.a4 Nbd7 17.a5 Qb7 18.Ne5 b4 19.Nxd7 Nxd7 20.Ne4 b3 21.Qd2 Nf6 22.
Nc5 Qb5 23.e3 Bxc5 24.dxc5 Rfe8 25.Bd6 e5 26.e4 Qe2 27.Qxe2 Bxe2 28.Rd2 
Bc4 29.Ra4 Bb5 30.Rb4 a6 31.Rxb3 h6 32.f3 Nh7 33.Rc3 Nf8 34.Bf1 f6 35.Bxb5
cxb5 36.Bxf8 Kxf8 37.b4 Ke7 38.Rcd3 Red8 39.Rd6 Rxd6 40.Rxd6 Rd8 41.Rxa6 
Rd4 42.Ra7+ Kd8 43.Rxg7 Rxb4 44.a6 Ra4 45.a7 Kc8 46.c6 1-0

[Event "11th Asia-ch - Manny Pacquiao Cup"]
[Site "Manila PHI"]
[Date "2013.05.23"]
[Round "6"]
[White "Sasikiran, Krishnan"]
[Black "Santosh Gujrathi, Vidit"]
[Result "1/2-1/2"]
[WhiteElo "2669"]
[BlackElo "2549"]
[EventDate "2013.05.18"]
[PlyCount "112"]

1.e4 c5 2.Nf3 Nc6 3.Bb5 d6 4.O-O Bd7 5.Re1 Nf6 6.c3 a6 7.Bf1 Bg4 8.h3 Bxf3
9.Qxf3 g6 10.d3 Bg7 11.Be3 O-O 12.Nd2 Nd7 13.Qd1 b5 14.a3 e6 15.g3 Qc7 16.
Nf3 Nce5 17.Rc1 Qb7 18.Nh2 a5 19.f4 Nc6 20.Nf3 a4 21.Bf2 b4 22.d4 bxa3 23.
bxa3 Na5 24.Rb1 Nb3 25.Nd2 Rfb8 26.f5 exf5 27.exf5 cxd4 28.cxd4 d5 29.Bg2 
Bh6 30.Be3 Bg7 31.Kh2 Qb5 32.Bf4 Rb6 33.Re3 Bxd4 34.Nxb3 Bxe3 35.Bxe3 axb3
36.Bxb6 Nxb6 37.Rxb3 Qc5 38.Qd3 Rc8 39.Qd2 d4 40.f6 Nd7 41.Rb4 Nxf6 42.
Qxd4 Qxd4 43.Rxd4 Rc2 44.a4 Ra2 45.g4 h6 46.Kg3 Kf8 47.Bc6 Ke7 48.Bb5 Ra1 
49.Kf3 Ke6 50.Rd3 Ke5 51.Bc4 Rxa4 52.Re3+ Kd4 53.Bxf7 g5 54.Bg6 Kd5 55.
Bf7+ Kd4 56.Bg6 Kd5 1/2-1/2

[Event "11th Asia-ch - Manny Pacquiao Cup"]
[Site "Manila PHI"]
[Date "2013.05.23"]
[Round "6"]
[White "Nguyen Ngoc Truong Son"]
[Black "Gopal, Geetha Narayanan"]
[Result "1/2-1/2"]
[WhiteElo "2631"]
[BlackElo "2526"]
[EventDate "2013.05.18"]
[PlyCount "82"]

1.d4 Nf6 2.c4 g6 3.g3 c6 4.Bg2 d5 5.Nf3 Bg7 6.O-O dxc4 7.a4 O-O 8.Na3 Be6 
9.Ng5 Bd5 10.e4 h6 11.exd5 hxg5 12.dxc6 Nxc6 13.Nxc4 Qxd4 14.Qxd4 Nxd4 15.
Bxg5 Rac8 16.Ne3 Ne6 17.Bxf6 Bxf6 18.Nd5 Kg7 19.Nxf6 Kxf6 20.Bxb7 Rb8 21.
Bd5 Rxb2 22.Bxe6 Kxe6 23.Rac1 Kf6 24.Rc7 a5 25.Ra1 Rfb8 26.Ra7 Re2 27.Rxa5
Rbb2 28.Rb5 Rbc2 29.Rbb1 Rxf2 30.Rf1 Rxf1+ 31.Rxf1+ Ke6 32.Ra1 Rc6 33.a5 
Ra6 34.h4 f5 35.Kg2 Kd7 36.g4 fxg4 37.Kg3 e5 38.Kxg4 Ke6 39.Kg5 Kf7 40.Ra2
Kg7 41.Kg4 Kf6 1/2-1/2

[Event "11th Asia-ch - Manny Pacquiao Cup"]
[Site "Manila PHI"]
[Date "2013.05.23"]
[Round "6"]
[White "Arun Prasad, Subramanian"]
[Black "Lalith Babu, Musunuri Rohit"]
[Result "1-0"]
[WhiteElo "2521"]
[BlackElo "2572"]
[EventDate "2013.05.18"]
[PlyCount "89"]

1.d4 Nf6 2.c4 e6 3.Nc3 Bb4 4.e3 O-O 5.a3 Bxc3+ 6.bxc3 d5 7.cxd5 exd5 8.Bd3
c5 9.Ne2 b6 10.O-O Ba6 11.f3 Re8 12.Ng3 Bxd3 13.Qxd3 Nc6 14.Ra2 Qd7 15.Re2
Rad8 16.Bb2 h5 17.Rd1 g6 18.Qd2 h4 19.Nh1 Qf5 20.Nf2 Re7 21.Rf1 Qg5 22.Bc1
Rde8 23.Qd3 Qh5 24.Rfe1 Rd8 25.Nh3 cxd4 26.exd4 Rxe2 27.Rxe2 Nh7 28.Bd2 
Rc8 29.Kf1 Nf6 30.Bg5 Nh7 31.Qe3 Rf8 32.Qf4 Nxg5 33.Nxg5 Kg7 34.c4 Kg8 35.
cxd5 Nxd4 36.Rd2 Nb3 37.Rd1 Nc5 38.d6 f6 39.d7 Qxg5 40.Qxg5 fxg5 41.d8=Q 
Rxd8 42.Rxd8+ Kf7 43.Rd6 Kg7 44.Rc6 Kh6 45.Ke2 1-0

[Event "11th Asia-ch - Manny Pacquiao Cup"]
[Site "Manila PHI"]
[Date "2013.05.23"]
[Round "6"]
[White "Adhiban, Baskaran"]
[Black "Al-Sayed, Mohamad Naser"]
[Result "1-0"]
[WhiteElo "2556"]
[BlackElo "2502"]
[EventDate "2013.05.18"]
[PlyCount "77"]

1.d4 Nf6 2.c4 g6 3.g3 Bg7 4.Bg2 O-O 5.Nc3 d6 6.Nf3 Nc6 7.O-O Rb8 8.h3 a6 
9.Be3 e6 10.Rc1 Ne7 11.a4 b6 12.b4 Bb7 13.Qd3 Nf5 14.b5 Nxe3 15.Qxe3 axb5 
16.axb5 Ra8 17.Ra1 Qd7 18.Qd3 Rxa1 19.Rxa1 Ra8 20.Rxa8+ Bxa8 21.Ne1 Bxg2 
22.Kxg2 c5 23.d5 Qe7 24.Nc2 Nd7 25.dxe6 fxe6 26.Ne4 Bf8 27.Ne3 Ne5 28.Qd1 
Qb7 29.f3 Qa8 30.Qc2 Be7 31.Qc3 Qa2 32.Kf2 Qb1 33.Qa3 Qh1 34.Qa8+ Kf7 35.
Qb7 Qh2+ 36.Ng2 Nxc4 37.Ng5+ Kf6 38.Qe4 e5 39.Qxc4 1-0

[Event "11th Asia-ch - Manny Pacquiao Cup"]
[Site "Manila PHI"]
[Date "2013.05.23"]
[Round "6"]
[White "Dzhumaev, Marat"]
[Black "Batchuluun, Cegmed"]
[Result "1-0"]
[WhiteElo "2549"]
[BlackElo "2507"]
[EventDate "2013.05.18"]
[PlyCount "83"]

1.e4 e6 2.d4 d5 3.e5 c5 4.c3 Nc6 5.Nf3 Qb6 6.a3 Bd7 7.b4 cxd4 8.cxd4 Rc8 
9.Bb2 Nh6 10.Nc3 Na5 11.Na4 Qc6 12.Nc5 Nc4 13.Bc1 Nf5 14.Bd3 b6 15.Nxd7 
Qxd7 16.O-O Be7 17.Ra2 h5 18.Bxf5 exf5 19.Bg5 Rc6 20.h4 O-O 21.Bxe7 Qxe7 
22.Ng5 g6 23.Qf3 Rd8 24.Re2 b5 25.Rfe1 Re6 26.Nxe6 fxe6 27.Qf4 Rc8 28.Rc1 
Kg7 29.Ra2 Rc6 30.a4 Ra6 31.Rca1 Qxb4 32.Qg5 bxa4 33.Qf6+ Kh7 34.Qf7+ Kh6 
35.Qe8 Qb7 36.Rxa4 Rxa4 37.Qxa4 a5 38.Qe8 Kg7 39.Qxe6 Qb2 40.Qf6+ Kh7 41.
Qf7+ Kh6 42.Qg8 1-0

[Event "11th Asia-ch - Manny Pacquiao Cup"]
[Site "Manila PHI"]
[Date "2013.05.23"]
[Round "6"]
[White "Murshed, Niaz"]
[Black "Barbosa, Oliver"]
[Result "0-1"]
[WhiteElo "2480"]
[BlackElo "2566"]
[EventDate "2013.05.18"]
[PlyCount "98"]

1.d4 d5 2.c4 c6 3.Nc3 dxc4 4.e3 b5 5.a4 b4 6.Na2 e6 7.Bxc4 Nf6 8.Nf3 Be7 
9.b3 O-O 10.Bb2 Nbd7 11.Nc1 c5 12.a5 Bb7 13.Nd3 cxd4 14.Nxd4 Rc8 15.O-O 
Ne4 16.Qe1 Nd6 17.Bxe6 fxe6 18.Nxe6 Qe8 19.Nxf8 Qxf8 20.a6 Be4 21.Qe2 Bxd3
22.Qxd3 Nc5 23.Qd1 Nde4 24.Rc1 Rd8 25.Bd4 Nc3 26.Qg4 Nxb3 27.Bxc3 Nxc1 28.
Bxb4 Bxb4 29.Rxc1 Ba5 30.g3 Bb6 31.Rc2 Qe8 32.h4 Qd7 33.Qe4 Qd5 34.Qxd5+ 
Rxd5 35.Ra2 Kf7 36.Kg2 Ra5 37.Rxa5 Bxa5 38.g4 Ke6 39.f4 Kd5 40.Kf3 Kc6 41.
e4 Bd2 42.g5 Kc5 43.h5 Kd4 44.e5 Kd5 45.h6 g6 46.f5 gxf5 47.g6 Bxh6 48.
gxh7 Bg7 49.Kf4 Ke6 0-1

[Event "11th Asia-ch - Manny Pacquiao Cup"]
[Site "Manila PHI"]
[Date "2013.05.23"]
[Round "6"]
[White "Laylo, Darwin"]
[Black "Li Shilong"]
[Result "1/2-1/2"]
[WhiteElo "2504"]
[BlackElo "2558"]
[EventDate "2013.05.18"]
[PlyCount "126"]

1.d4 Nf6 2.Nf3 g6 3.c4 Bg7 4.g3 O-O 5.Bg2 d6 6.Nc3 Nc6 7.O-O a6 8.h3 Rb8 
9.Re1 e6 10.e4 b5 11.cxb5 axb5 12.b3 Ne7 13.b4 Bb7 14.Bf4 h6 15.Rc1 g5 16.
Bd2 Ng6 17.d5 exd5 18.exd5 Nxd5 19.Nxb5 Nxb4 20.Nxc7 Nxa2 21.Rc2 Rc8 22.
Ba5 Nc3 23.Bxc3 Bxc3 24.Rxc3 Rxc7 25.Rd3 Rd7 26.Qa1 Re8 27.Red1 Be4 28.
R3d2 d5 29.Nh2 Bxg2 30.Kxg2 h5 31.Nf3 h4 32.gxh4 gxh4 33.Rg1 Re4 34.Kh1 
Qe7 35.Qc3 Rc4 36.Qb3 Qe4 37.Rg4 Rc1+ 38.Kg2 Qe8 39.Rxd5 Rxd5 40.Qxd5 Qc6 
41.Qxc6 Rxc6 42.Nxh4 Kg7 43.Nf5+ Kf6 44.Ne3 Rc5 45.Ra4 Rg5+ 46.Kf3 Rb5 47.
h4 Kg7 48.Kg3 Rc5 49.Ra3 Rb5 50.f4 Ne7 51.Kg4 Ng8 52.Nf5+ Kh7 53.Ra6 Rc5 
54.h5 Rb5 55.Rd6 Ra5 56.Rb6 Rc5 57.Ne3 Nh6+ 58.Kh4 Kg7 59.Ng4 Nf5+ 60.Kh3 
Rc3+ 61.Kh2 Rc2+ 62.Kg1 Rc4 63.Rf6 Nh6 1/2-1/2

[Event "11th Asia-ch - Manny Pacquiao Cup"]
[Site "Manila PHI"]
[Date "2013.05.23"]
[Round "6"]
[White "Antonio, Rogelio jr"]
[Black "Firmansyah, Farid"]
[Result "0-1"]
[WhiteElo "2539"]
[BlackElo "2369"]
[EventDate "2013.05.18"]
[PlyCount "90"]

1.e4 c5 2.Nf3 d6 3.d4 cxd4 4.Qxd4 Nc6 5.Bb5 Bd7 6.Bxc6 Bxc6 7.Nc3 Nf6 8.
Bg5 e6 9.O-O-O Be7 10.Rhe1 O-O 11.Qd2 Qc7 12.Nd4 a6 13.g4 b5 14.Bxf6 Bxf6 
15.g5 Be7 16.f4 b4 17.Nxc6 Qxc6 18.Ne2 Qxe4 19.Ng3 Qc4 20.Kb1 Rfe8 21.f5 
exf5 22.Nxf5 Bf8 23.Ne3 Qf4 24.Qg2 Rac8 25.Nd5 Rxe1 26.Rxe1 Qd4 27.Rf1 Kh8
28.Qf3 g6 29.Rd1 Qe5 30.Nf6 Qc5 31.Rc1 Bg7 32.Qh3 Bxf6 33.gxf6 h5 34.Qd3 
a5 35.b3 Re8 36.Qd2 Kh7 37.Rf1 Re3 38.Rd1 Re6 39.Rf1 Qe5 40.Qf2 Qc3 41.h4 
Re5 42.Qf4 Re1+ 43.Rxe1 Qxe1+ 44.Kb2 Qe5+ 45.Qxe5 dxe5 0-1

[Event "11th Asia-ch - Manny Pacquiao Cup"]
[Site "Manila PHI"]
[Date "2013.05.23"]
[Round "6"]
[White "Goh Wei Ming, Kevin"]
[Black "Megaranto, Susanto"]
[Result "1/2-1/2"]
[WhiteElo "2449"]
[BlackElo "2531"]
[EventDate "2013.05.18"]
[PlyCount "115"]

1.e4 e6 2.d4 d5 3.Nc3 dxe4 4.Nxe4 Bd7 5.Nf3 Bc6 6.Bd3 Nd7 7.O-O Ngf6 8.
Ned2 Be7 9.Nc4 O-O 10.Re1 Bb5 11.c3 c5 12.Bf4 Nd5 13.Bg3 N7f6 14.Qb3 Ba6 
15.dxc5 Bxc5 16.Rad1 Bxc4 17.Bxc4 Qb6 18.Qc2 Rac8 19.Qe2 Bd6 20.Ne5 Rfe8 
21.Bb3 Bxe5 22.Bxe5 Ne7 23.Qf3 Nfd5 24.Qg4 Ng6 25.Bd4 Qc6 26.h4 e5 27.Bxa7
Nf6 28.Qb4 Nf4 29.f3 b5 30.Bf2 e4 31.Qd6 Qxd6 32.Rxd6 Nd3 33.Re2 Nc1 34.
Re3 Nxb3 35.axb3 Rcd8 36.Rxd8 Rxd8 37.Re2 Rd1+ 38.Kh2 exf3 39.gxf3 Rd3 40.
Kg2 h6 41.b4 Nd5 42.Re8+ Kh7 43.Kg3 g5 44.hxg5 hxg5 45.Rb8 f5 46.Rxb5 Kg6 
47.Bd4 Nf4 48.Rb6+ Kh5 49.Bg7 Ng6 50.Kf2 Rd2+ 51.Ke3 Rd7 52.Bd4 Re7+ 53.
Kd3 Nh4 54.f4 gxf4 55.Rb8 Nf3 56.Rh8+ Kg4 57.Rg8+ Kh3 58.Rh8+ 1/2-1/2

[Event "11th Asia-ch - Manny Pacquiao Cup"]
[Site "Manila PHI"]
[Date "2013.05.23"]
[Round "6"]
[White "Wan Yunguo"]
[Black "Nezad, Husein Aziz"]
[Result "1-0"]
[WhiteElo "2509"]
[BlackElo "2410"]
[EventDate "2013.05.18"]
[PlyCount "79"]

1.e4 e5 2.Nf3 Nc6 3.Bb5 a6 4.Ba4 Nf6 5.O-O b5 6.Bb3 Bc5 7.a4 Rb8 8.c3 d6 
9.d4 Bb6 10.a5 Ba7 11.h3 O-O 12.Be3 Ra8 13.Nbd2 Bb7 14.Re1 exd4 15.cxd4 
Nb4 16.Bg5 h6 17.Bh4 Nd3 18.Re3 Nf4 19.e5 dxe5 20.dxe5 Bxe3 21.fxe3 Ng6 
22.exf6 Nxh4 23.Nxh4 Qxf6 24.Nhf3 Rfe8 25.Rc1 Re7 26.Rc3 Rae8 27.e4 Qf4 
28.e5 c5 29.Qe1 c4 30.Bc2 h5 31.b3 cxb3 32.Bxb3 Qb4 33.Qe3 Qxa5 34.Rc1 Rc7
35.Rf1 Rc3 36.Qf4 Rxb3 37.Nxb3 Qb6+ 38.Kh1 Bd5 39.Nbd4 g6 40.Qh6 1-0

[Event "11th Asia-ch - Manny Pacquiao Cup"]
[Site "Manila PHI"]
[Date "2013.05.23"]
[Round "6"]
[White "Djao Thien Hai"]
[Black "Abelgas, Roel"]
[Result "1-0"]
[WhiteElo "2506"]
[BlackElo "2269"]
[EventDate "2013.05.18"]
[PlyCount "51"]

1.d4 Nf6 2.c4 c5 3.d5 e6 4.Nc3 exd5 5.cxd5 d6 6.e4 g6 7.f4 Bg7 8.Bb5+ Nfd7
9.a4 O-O 10.Nf3 Na6 11.O-O Nb4 12.Re1 a6 13.Bf1 Nf6 14.h3 Re8 15.Bc4 Nd7 
16.Be3 Nb6 17.Bf1 a5 18.Qd2 f5 19.e5 dxe5 20.fxe5 Bxe5 21.Nxe5 Rxe5 22.
Bxc5 Rxe1 23.Rxe1 Nd7 24.Bd4 Nf6 25.Bc4 Kg7 26.Qg5 1-0